00939 a2200217 4500952012500000952012600125999001500251020001800266050001900284100002700303245014700330264003500477300001700512500004100529650001500570700003100585700002500616700002600641700002600667942002800693 001040708NFICaCCLbCCLcGENd2020-11-24i029392l0oPN 81 PRA 2017p029392r2020-11-24 00:00:00tc.1w2020-11-24yBK 001040708NFICaCCLbCCLcGENd2020-11-24i029393l0oPN 81 PRA 2017p029393r2020-11-24 00:00:00tc.2w2020-11-24yBK c3263d3263 a9781779222961 aPN 81 PRA 2017 aPerlman, Jasoneeditor aPractical criticism for A-level students of literature :cJason Perlman, Taurai Chinyanganya, Njabulo Mbono, Kevin Hanssen and Irene Staunton  aHarare :bWeaver Press,c 2017 aix. 202p . : aincludes bibliographical references. aCriticism  aChinyanganya, Taurai eed. aStaunton, Ireeneed. a Mbono, Njabulo eed. a Hanssen, Kelvineed. 2lcccBKh 81i PRA kPN